[Event "Mitropa Cup 30th"]
[Site "Merlimont"]
[Date "2011.10.08"]
[Round "1"]
[White "Houriez, Clement"]
[Black "Schiendorfer, Emanuel"]
[Result "1/2-1/2"]
[WhiteElo "2331"]
[BlackElo "2340"]
[PlyCount "35"]
[EventDate "2011.10.08"]
[EventType "team-tourn"]
[EventRounds "9"]
[EventCountry "FRA"]
[Source "ChessBase"]
[SourceDate "2011.10.28"]
[WhiteTeam "France"]
[BlackTeam "Switzerland"]
[WhiteTeamCountry "FRA"]
[BlackTeamCountry "SUI"]

1. d4 d5 2. c4 e6 3. Nf3 Nf6 4. g3 Bb4+ 5. Bd2 a5 6. Bg2 O-O 7. O-O dxc4 8. Bg5
h6 9. Bxf6 Qxf6 10. Qc2 Nd7 11. a3 Bd6 12. Qxc4 e5 13. Nc3 Nb6 14. Qd3 Bf5 15.
e4 Bg4 16. d5 Qe7 17. Rac1 Nd7 18. Nd2 1/2-1/2

[Event "Mitropa Cup 30th"]
[Site "Merlimont"]
[Date "2011.10.08"]
[Round "1"]
[White "Kurmann, Oliver"]
[Black "Brunner, Nicolas"]
[Result "1/2-1/2"]
[WhiteElo "2439"]
[BlackElo "2466"]
[PlyCount "36"]
[EventDate "2011.10.08"]
[EventType "team-tourn"]
[EventRounds "9"]
[EventCountry "FRA"]
[Source "ChessBase"]
[SourceDate "2011.10.28"]
[WhiteTeam "Switzerland"]
[BlackTeam "France"]
[WhiteTeamCountry "SUI"]
[BlackTeamCountry "FRA"]

1. e4 c5 2. Nf3 d6 3. d4 cxd4 4. Nxd4 Nf6 5. Nc3 a6 6. Be3 e6 7. g4 e5 8. Nf5
g6 9. g5 gxf5 10. exf5 d5 11. Qf3 d4 12. O-O-O Nbd7 13. Bxd4 exd4 14. Rxd4 Bc5
15. Rd2 O-O 16. gxf6 Kh8 17. Ne4 Qb6 18. Qg3 Rg8 1/2-1/2

[Event "Mitropa Cup 30th"]
[Site "Merlimont"]
[Date "2011.10.08"]
[Round "1"]
[White "Prusikin, Michael"]
[Black "Delorme, Alban"]
[Result "1-0"]
[WhiteElo "2541"]
[BlackElo "2306"]
[PlyCount "81"]
[EventDate "2011.10.08"]
[EventType "team-tourn"]
[EventRounds "9"]
[EventCountry "FRA"]
[Source "ChessBase"]
[SourceDate "2011.10.28"]
[WhiteTeam "Germany"]
[BlackTeam "France III"]
[WhiteTeamCountry "GER"]
[BlackTeamCountry "FRA"]

1. d4 d5 2. c4 e6 3. Nc3 Nf6 4. cxd5 exd5 5. Bg5 Be7 6. e3 Bf5 7. Bxf6 Bxf6 8.
Qb3 c6 9. Qxb7 Qb6 10. Qxb6 axb6 11. Rc1 O-O 12. Nf3 Nd7 13. a3 Rfd8 14. Kd2
Nf8 15. Bd3 Bxd3 16. Kxd3 Ne6 17. Rhd1 c5 18. Ke2 g5 19. h3 h5 20. dxc5 bxc5
21. Rxd5 Rxd5 22. Nxd5 Bxb2 23. Rc2 Bxa3 24. Nf6+ Kg7 25. Nxh5+ Kg6 26. g4 f6
27. Ra2 Ra5 28. Kd3 Nc7 29. Nd2 Nd5 30. Ra1 Nb4+ 31. Kc4 Nc2 32. Ra2 Nb4 33.
Ra1 Nc2 34. Ra2 Nb4 35. Nb3 Nxa2 36. Nxa5 Bb4 37. Nc6 Be1 38. f3 Bf2 39. Ne7+
Kf7 40. Nd5 Nb4 41. Nhxf6 1-0

[Event "Mitropa Cup 30th"]
[Site "Merlimont"]
[Date "2011.10.08"]
[Round "1"]
[White "Stephan, Victor"]
[Black "Heimann, Andreas"]
[Result "1/2-1/2"]
[WhiteElo "2302"]
[BlackElo "2485"]
[PlyCount "103"]
[EventDate "2011.10.08"]
[EventType "team-tourn"]
[EventRounds "9"]
[EventCountry "FRA"]
[Source "ChessBase"]
[SourceDate "2011.10.28"]
[WhiteTeam "France III"]
[BlackTeam "Germany"]
[WhiteTeamCountry "FRA"]
[BlackTeamCountry "GER"]

1. e4 e5 2. Nf3 Nc6 3. Bb5 a6 4. Ba4 Nf6 5. O-O Be7 6. Bxc6 dxc6 7. Qe1 Nd7 8.
b3 O-O 9. Bb2 Bd6 10. a4 Re8 11. Na3 Nf8 12. Nc4 Ng6 13. Qe3 Bg4 14. h3 Bxf3
15. Qxf3 Bc5 16. Rad1 Qd7 17. c3 b5 18. d4 bxc4 19. dxc5 Qe6 20. b4 Nf4 21. Bc1
Nd3 22. a5 Rad8 23. Be3 h6 24. h4 Kh7 25. g4 g6 26. Kh2 Kg7 27. Rg1 Rh8 28. Rg3
f6 29. h5 g5 30. Rgg1 Rd7 31. Qe2 Rhd8 32. f3 Kf7 33. Rd2 Ke7 34. Rgd1 Qg8 35.
Kg1 Ra8 36. Ra1 Qb8 37. Qd1 Qb5 38. Qc2 Rad8 39. Rad1 Ke8 40. Kh2 Ke7 41. Kg1
Ke8 42. Kh2 Ra8 43. Qa2 Ke7 44. Kg1 Rh8 45. Kh2 Kd8 46. Kg1 Kc8 47. Kh2 Rhd8
48. Kg1 Kb7 49. Kh2 Ka7 50. Kg1 Rh8 51. Kh2 Qb8 52. Kg1 1/2-1/2

[Event "Mitropa Cup 30th"]
[Site "Merlimont"]
[Date "2011.10.08"]
[Round "1"]
[White "Horvath, Peter"]
[Black "Petenyi, Tamas"]
[Result "1/2-1/2"]
[WhiteElo "2450"]
[BlackElo "2347"]
[PlyCount "215"]
[EventDate "2011.10.08"]
[EventType "team-tourn"]
[EventRounds "9"]
[EventCountry "FRA"]
[Source "ChessBase"]
[SourceDate "2011.10.28"]
[WhiteTeam "Hungary"]
[BlackTeam "Slovakia"]
[WhiteTeamCountry "HUN"]
[BlackTeamCountry "SVK"]

1. d4 Nf6 2. c4 d6 3. Nf3 g6 4. Nc3 Nbd7 5. g3 Bg7 6. Bg2 O-O 7. O-O e5 8. e4
exd4 9. Nxd4 Re8 10. h3 Nc5 11. Re1 a5 12. Rb1 c6 13. Bf4 Nh5 14. Be3 Nf6 15.
Qc2 Bd7 16. Rbd1 Qc7 17. f4 Rad8 18. Bf2 Bc8 19. a3 Nh5 20. b4 axb4 21. axb4
Ne6 22. Nde2 g5 23. f5 Nf8 24. g4 Nf6 25. Qd2 h6 26. Kh1 N8d7 27. Qxd6 Qxd6 28.
Rxd6 Ne5 29. Rxd8 Rxd8 30. Bg3 Ne8 31. c5 Nc7 32. b5 Nxb5 33. Nxb5 cxb5 34. Rb1
Rd2 35. Nc3 Rd3 36. Be1 Nf3 37. Nd5 Nxe1 38. Rxe1 Bf8 39. e5 Bxc5 40. e6 fxe6
41. fxe6 Kg7 42. e7 Bd7 43. Nc7 Bxe7 44. Rxe7+ Kf6 45. Re1 Bc6 46. Bxc6 bxc6
47. Re6+ Kg7 48. Rxc6 Rxh3+ 49. Kg2 Rh4 50. Kf3 h5 51. Ne6+ Kf7 52. Nxg5+ Ke7
53. gxh5 Rxh5 54. Kf4 Rh1 55. Ke5 Kd7 56. Rb6 Rb1 57. Ne6 b4 58. Kd5 b3 59.
Nc5+ Kc7 60. Rb7+ Kc8 61. Kc6 b2 62. Rb3 Kd8 63. Kb5 Ke7 64. Kb4 Kd6 65. Ne4+
Ke5 66. Nc3 Ra1 67. Rxb2 Ra8 68. Re2+ Kf4 69. Kc4 Kf3 70. Re7 Kf4 71. Kd4 Kf5
72. Re5+ Kf6 73. Nd5+ Kg6 74. Re6+ Kf5 75. Rf6+ Kg5 76. Rf7 Kg6 77. Rf1 Re8 78.
Kc5 Kg5 79. Nc3 Rd8 80. Ne4+ Kg4 81. Nd6 Ra8 82. Rf7 Kg3 83. Kd4 Kg4 84. Nc4
Ra4 85. Kd5 Kg5 86. Rf1 Ra2 87. Rf3 Ra8 88. Nd6 Ra5+ 89. Ke6 Kg4 90. Rf1 Ra6
91. Rd1 Ra4 92. Rd3 Kf4 93. Rd5 Ra1 94. Rd4+ Ke3 95. Nf5+ Kf3 96. Ne7 Re1+ 97.
Kf6 Ra1 98. Kf5 Ke3 99. Ke5 Kf3 100. Nd5 Ra3 101. Kf5 Kg3 102. Kg5 Kf3 103. Ne7
Ra1 104. Kf5 Ra5+ 105. Nd5 Ra3 106. Rc4 Ra5 107. Rc3+ Kf2 108. Ke5 1/2-1/2

[Event "Mitropa Cup 30th"]
[Site "Merlimont"]
[Date "2011.10.08"]
[Round "1"]
[White "Michalik, Peter"]
[Black "Rapport, Richard"]
[Result "0-1"]
[WhiteElo "2511"]
[BlackElo "2547"]
[PlyCount "55"]
[EventDate "2011.10.08"]
[EventType "team-tourn"]
[EventRounds "9"]
[EventCountry "FRA"]
[Source "ChessBase"]
[SourceDate "2011.10.28"]
[WhiteTeam "Slovakia"]
[BlackTeam "Hungary"]
[WhiteTeamCountry "SVK"]
[BlackTeamCountry "HUN"]

1. d4 Nf6 2. c4 g6 3. Nc3 Bg7 4. e4 d6 5. Nf3 O-O 6. Be2 e5 7. O-O Nbd7 8. Be3
Qe7 9. Qc2 c6 10. d5 c5 11. Ne1 h5 12. f3 Ne8 13. Nd3 f5 14. f4 Nb6 15. Nf2
exf4 16. Bxf4 g5 17. Bd2 f4 18. a4 Nf6 19. h4 Ng4 20. Nh3 f3 21. Rxf3 Rxf3 22.
Bxf3 Qe5 23. Bxg4 Bxg4 24. Bxg5 Rf8 25. Nf2 Nxc4 26. Nb5 Bf3 27. Nd3 Qxe4 28.
Nf2 0-1

[Event "Mitropa Cup 30th"]
[Site "Merlimont"]
[Date "2011.10.08"]
[Round "1"]
[White "Prohaszka, Peter"]
[Black "Pacher, Milan"]
[Result "1/2-1/2"]
[WhiteElo "2553"]
[BlackElo "2403"]
[PlyCount "29"]
[EventDate "2011.10.08"]
[EventType "team-tourn"]
[EventRounds "9"]
[EventCountry "FRA"]
[Source "ChessBase"]
[SourceDate "2011.10.28"]
[WhiteTeam "Hungary"]
[BlackTeam "Slovakia"]
[WhiteTeamCountry "HUN"]
[BlackTeamCountry "SVK"]

1. d4 d5 2. c4 c6 3. Nc3 Nf6 4. e3 g6 5. Nf3 Bg7 6. Be2 O-O 7. O-O dxc4 8. Bxc4
Nbd7 9. h3 b5 10. Bd3 Bb7 11. b4 a5 12. Rb1 axb4 13. Rxb4 Nb6 14. e4 Nfd7 15.
e5 1/2-1/2

[Event "Mitropa Cup 30th"]
[Site "Merlimont"]
[Date "2011.10.09"]
[Round "2"]
[White "Kanovsky, David"]
[Black "Shengelia, Davit"]
[Result "0-1"]
[WhiteElo "2462"]
[BlackElo "2526"]
[PlyCount "54"]
[EventDate "2011.10.08"]
[EventType "team-tourn"]
[EventRounds "9"]
[EventCountry "FRA"]
[Source "ChessBase"]
[SourceDate "2011.10.28"]
[WhiteTeam "Czech Republic"]
[BlackTeam "Austria"]
[WhiteTeamCountry "CZE"]
[BlackTeamCountry "AUT"]

1. e4 c5 2. Nf3 e6 3. d4 cxd4 4. Nxd4 a6 5. Bd3 Nf6 6. O-O e5 7. Nf3 Nc6 8. Bg5
h6 9. Bxf6 Qxf6 10. Nc3 Bc5 11. Nd5 Qd8 12. c3 d6 13. a4 O-O 14. b4 Ba7 15. a5
Ne7 16. Bc4 Be6 17. Qd3 Rc8 18. Rac1 Ng6 19. Nd2 Kh7 20. g3 Qg5 21. Kh1 Bh3 22.
f3 Nf4 23. Nxf4 exf4 24. e5+ Kh8 25. Ne4 Bxf1 26. Qxd6 fxg3 27. Nxg5 g2# 0-1

[Event "Mitropa Cup 30th"]
[Site "Merlimont"]
[Date "2011.10.09"]
[Round "2"]
[White "Kreisl, Robert"]
[Black "Krejci, Jan1"]
[Result "1-0"]
[WhiteElo "2402"]
[BlackElo "2489"]
[PlyCount "137"]
[EventDate "2011.10.08"]
[EventType "team-tourn"]
[EventRounds "9"]
[EventCountry "FRA"]
[Source "ChessBase"]
[SourceDate "2011.10.28"]
[WhiteTeam "Austria"]
[BlackTeam "Czech Republic"]
[WhiteTeamCountry "AUT"]
[BlackTeamCountry "CZE"]

1. Nf3 Nf6 2. c4 e6 3. g3 a6 4. Bg2 b5 5. b3 Bb7 6. O-O c5 7. Nc3 Qb6 8. e3 Be7
9. Qe2 b4 10. Na4 Qc7 11. Bb2 O-O 12. d4 d6 13. dxc5 dxc5 14. Be5 Bd6 15. Bxf6
gxf6 16. Rad1 Nc6 17. Rd2 Rad8 18. Rfd1 Be7 19. Ne1 Rxd2 20. Rxd2 Bc8 21. Nd3
Ne5 22. Nxe5 fxe5 23. Qg4+ Kh8 24. Qe4 Bd7 25. Nxc5 Bxc5 26. Rxd7 Qxd7 27.
Qxe5+ f6 28. Qxc5 Rb8 29. Bf3 Kg7 30. Kg2 Kf7 31. Qh5+ Kg7 32. Qg4+ Kf7 33. Qf4
Qd8 34. c5 a5 35. c6 Rc8 36. Qh6 Kg8 37. Qf4 Kg7 38. Qg4+ Kf7 39. Qe4 f5 40.
Qe5 Qc7 41. Qd4 Qe7 42. Qf4 Qf6 43. Qd6 Qe7 44. Qe5 Qc7 45. Qd4 Qe7 46. Qc4 Kg7
47. e4 fxe4 48. Qxe4 Qf6 49. Qe3 Kh8 50. Qd3 Rc7 51. Be4 Rf7 52. f3 Qb2+ 53.
Qc2 Qxc2+ 54. Bxc2 Kg7 55. Kf2 Kf6 56. Ke3 Ke5 57. Be4 Rf6 58. Bxh7 Kd6 59. Be4
Rh6 60. h4 Rh5 61. f4 a4 62. bxa4 Ra5 63. Bc2 Kxc6 64. g4 Kd6 65. h5 Ke7 66. h6
Kf7 67. g5 Rc5 68. g6+ Kg8 69. Bb3 1-0

[Event "Mitropa Cup 30th"]
[Site "Merlimont"]
[Date "2011.10.09"]
[Round "2"]
[White "Schachinger, Mario"]
[Black "Bures, Jaroslav"]
[Result "1/2-1/2"]
[WhiteElo "2386"]
[BlackElo "2415"]
[PlyCount "151"]
[EventDate "2011.10.08"]
[EventType "team-tourn"]
[EventRounds "9"]
[EventCountry "FRA"]
[Source "ChessBase"]
[SourceDate "2011.10.28"]
[WhiteTeam "Austria"]
[BlackTeam "Czech Republic"]
[WhiteTeamCountry "AUT"]
[BlackTeamCountry "CZE"]

1. Nf3 Nf6 2. c4 g6 3. g3 Bg7 4. Bg2 d5 5. cxd5 Nxd5 6. d4 Nb6 7. Nc3 Nc6 8. e3
O-O 9. O-O Re8 10. Re1 a5 11. Qe2 e5 12. dxe5 Nxe5 13. Nxe5 Bxe5 14. Rd1 Qe7
15. e4 h5 16. h3 Qb4 17. a3 Qc4 18. Qxc4 Nxc4 19. f4 Bxc3 20. bxc3 Be6 21. Kf2
Rad8 22. Rxd8 Rxd8 23. Ke2 b6 24. Be3 Bc8 25. Bf1 Nd6 26. Rd1 Rd7 27. Bg2 Nb5
28. Rxd7 Bxd7 29. Kd3 Nxa3 30. c4 Be6 31. c5 b5 32. c6 b4 33. Bc5 f6 34. Kd2
Kf7 35. Bf1 Nb1+ 36. Kc2 Nc3 37. Bd3 Na4 38. Bd4 Ke7 39. f5 gxf5 40. exf5 Bd5
41. Bb5 b3+ 42. Kc1 b2+ 43. Bxb2 Nxb2 44. Kxb2 Be4 45. Kb3 Bxf5 46. h4 Kd6 47.
Ka4 Bg4 48. Kxa5 Kc5 49. Ka6 Bf3 50. Ba4 Kb4 51. Bc2 Bxc6 52. Bd1 Be8 53. g4
hxg4 54. Bxg4 c5 55. Bf5 c4 56. Kb6 c3 57. Kc7 Kc5 58. Kd8 Bh5 59. Ke7 Bg4 60.
Bc2 f5 61. h5 Bxh5 62. Bxf5 Bd1 63. Bg6 Bg4 64. Bc2 Kd4 65. Kd6 Bf3 66. Ba4 Be4
67. Bb3 Bd3 68. Ba4 Ke3 69. Ke5 Kd2 70. Kd4 Bc2 71. Bb5 Bb3 72. Bd3 Bd1 73. Be4
Bc2 74. Bd5 Bd1 75. Be4 c2 76. Bxc2 1/2-1/2

[Event "Mitropa Cup 30th"]
[Site "Merlimont"]
[Date "2011.10.09"]
[Round "2"]
[White "Zilka, Stepan"]
[Black "Diermair, Andreas"]
[Result "1/2-1/2"]
[WhiteElo "2517"]
[BlackElo "2414"]
[PlyCount "115"]
[EventDate "2011.10.08"]
[EventType "team-tourn"]
[EventRounds "9"]
[EventCountry "FRA"]
[Source "ChessBase"]
[SourceDate "2011.10.28"]
[WhiteTeam "Czech Republic"]
[BlackTeam "Austria"]
[WhiteTeamCountry "CZE"]
[BlackTeamCountry "AUT"]

1. d4 d5 2. Nf3 Nf6 3. c4 e6 4. Nc3 c6 5. Bg5 h6 6. Bh4 dxc4 7. e4 g5 8. Bg3 b5
9. Be2 Bb7 10. h4 g4 11. Ne5 h5 12. O-O Nbd7 13. Qc2 Nxe5 14. Bxe5 Bg7 15. Rad1
O-O 16. Bg3 Nd7 17. f3 c5 18. dxc5 Qe7 19. fxg4 hxg4 20. Bd6 Qxh4 21. Rf4 Nf6
22. Nxb5 Rfd8 23. Rdf1 Bh6 24. Qxc4 Bxf4 25. Rxf4 Qh6 26. g3 Rac8 27. Qd4 Nxe4
28. Rxe4 Qc1+ 29. Kf2 Bxe4 30. Qxe4 Rxc5 31. Qxg4+ Rg5 32. Bf4 Qc5+ 33. Be3
Qf5+ 34. Qf4 a6 35. Nd4 Rxd4 36. Bxd4 e5 37. Bxe5 Qxe5 38. Qxe5 Rxe5 39. Bxa6
Rh5 40. Be2 Rh1 41. Bf1 Rh2+ 42. Bg2 Rh6 43. b3 Rb6 44. Bf1 Kf8 45. Bc4 Ke7 46.
a4 Rf6+ 47. Kg2 Kd6 48. a5 Kc5 49. g4 Rg6 50. Kf3 Rf6+ 51. Kg3 Rd6 52. a6 Rd7
53. Kf4 Kb6 54. Kf5 Rd2 55. Bxf7 Rf2+ 56. Kg6 Kxa6 57. g5 Kb6 58. Kg7 1/2-1/2

[Event "Mitropa Cup 30th"]
[Site "Merlimont"]
[Date "2011.10.09"]
[Round "2"]
[White "Brunner, Nicolas"]
[Black "Michalik, Peter"]
[Result "1/2-1/2"]
[WhiteElo "2466"]
[BlackElo "2511"]
[PlyCount "72"]
[EventDate "2011.10.08"]
[EventType "team-tourn"]
[EventRounds "9"]
[EventCountry "FRA"]
[Source "ChessBase"]
[SourceDate "2011.10.28"]
[WhiteTeam "France"]
[BlackTeam "Slovakia"]
[WhiteTeamCountry "FRA"]
[BlackTeamCountry "SVK"]

1. d4 d6 2. Nf3 g6 3. c4 Bg7 4. e4 Bg4 5. Be2 Nc6 6. Be3 Bxf3 7. Bxf3 e5 8. d5
Nd4 9. Nc3 c5 10. dxc6 bxc6 11. c5 dxc5 12. O-O Nf6 13. Na4 Qa5 14. b3 Nxf3+
15. Qxf3 c4 16. Bc5 Nd7 17. Bd6 Bf8 18. Rfd1 Bxd6 19. Rxd6 Nb6 20. Nxb6 axb6
21. bxc4 Qc5 22. Qf6 O-O 23. Rxc6 Qd4 24. Rf1 Rxa2 25. Rxb6 Ra1 26. Rbb1 Rxb1
27. Rxb1 Qxe4 28. Rc1 Rc8 29. h3 Rc6 30. Qd8+ Kg7 31. c5 Qe2 32. Qg5 h5 33. Qg3
Qe4 34. Qc3 Qd5 35. Qe3 Kf6 36. Qc3 Kg7 1/2-1/2

[Event "Mitropa Cup 30th"]
[Site "Merlimont"]
[Date "2011.10.09"]
[Round "2"]
[White "Collas, Didier"]
[Black "Mazur, Stefan"]
[Result "1-0"]
[WhiteElo "2403"]
[BlackElo "2372"]
[PlyCount "101"]
[EventDate "2011.10.08"]
[EventType "team-tourn"]
[EventRounds "9"]
[EventCountry "FRA"]
[Source "ChessBase"]
[SourceDate "2011.10.28"]
[WhiteTeam "France"]
[BlackTeam "Slovakia"]
[WhiteTeamCountry "FRA"]
[BlackTeamCountry "SVK"]

1. e4 e5 2. Nf3 Nc6 3. Bb5 a6 4. Ba4 Nf6 5. O-O Be7 6. Re1 b5 7. Bb3 d6 8. c3
O-O 9. h3 Na5 10. Bc2 c5 11. d4 Qc7 12. d5 Bd7 13. Nbd2 g6 14. Nf1 Nh5 15. Bh6
Ng7 16. b3 c4 17. b4 Nb7 18. a4 a5 19. axb5 axb4 20. cxb4 Bxb5 21. Ne3 f6 22.
Ba4 Qd7 23. Bxb5 Qxb5 24. Qd2 Rfc8 25. Qc3 Rxa1 26. Rxa1 Ne8 27. h4 Nd8 28. Ra5
Qd7 29. Nxc4 Nf7 30. Be3 Qg4 31. Qd3 f5 32. Nfd2 Bxh4 33. b5 f4 34. Ba7 Ng5 35.
f3 Qg3 36. Qe2 Nf6 37. Ra1 Nh5 38. Kh1 Nf7 39. Kg1 Qg5 40. Nf1 Ng3 41. Nxg3
Bxg3 42. Nd2 Nd8 43. Nf1 Nb7 44. Qd2 Ra8 45. Nxg3 Qxg3 46. Ra6 Qh4 47. Qc3 Qd8
48. Bb6 Qb8 49. Qc6 Kg7 50. Bc7 Qc8 51. Bxd6 1-0

[Event "Mitropa Cup 30th"]
[Site "Merlimont"]
[Date "2011.10.09"]
[Round "2"]
[White "Pacher, Milan"]
[Black "Demuth, Adrien"]
[Result "1/2-1/2"]
[WhiteElo "2403"]
[BlackElo "2440"]
[PlyCount "85"]
[EventDate "2011.10.08"]
[EventType "team-tourn"]
[EventRounds "9"]
[EventCountry "FRA"]
[Source "ChessBase"]
[SourceDate "2011.10.28"]
[WhiteTeam "Slovakia"]
[BlackTeam "France"]
[WhiteTeamCountry "SVK"]
[BlackTeamCountry "FRA"]

1. c4 Nf6 2. g3 c6 3. Bg2 d5 4. Nf3 g6 5. b3 Bg7 6. Bb2 O-O 7. O-O Nbd7 8. d4
Ne4 9. Nfd2 Nxd2 10. Nxd2 Nb6 11. e3 c5 12. cxd5 Nxd5 13. Nc4 cxd4 14. Bxd4 Nc3
15. Bxc3 Bxc3 16. Qxd8 Rxd8 17. Rac1 Bf6 18. Rfd1 Rxd1+ 19. Rxd1 Bg4 20. Bxb7
Bxd1 21. Bxa8 Bc2 22. Bd5 Bd3 23. Na5 e6 24. Bf3 Bc3 25. Nc6 a5 26. Bd1 Kf8 27.
f4 Ke8 28. Kf2 Kd7 29. Ne5+ Bxe5 30. fxe5 Kc6 31. Ke1 Kd5 32. Kd2 Ba6 33. Be2
Bxe2 34. Kxe2 Kxe5 35. Kd3 Kd5 36. a3 Kc5 37. Ke4 f6 38. h3 h6 39. Kd3 f5 40.
Kc3 e5 41. Kd3 Kb5 42. e4 h5 43. Ke3 1/2-1/2

[Event "Mitropa Cup 30th"]
[Site "Merlimont"]
[Date "2011.10.09"]
[Round "2"]
[White "Petenyi, Tamas"]
[Black "Houriez, Clement"]
[Result "1-0"]
[WhiteElo "2347"]
[BlackElo "2331"]
[PlyCount "49"]
[EventDate "2011.10.08"]
[EventType "team-tourn"]
[EventRounds "9"]
[EventCountry "FRA"]
[Source "ChessBase"]
[SourceDate "2011.10.28"]
[WhiteTeam "Slovakia"]
[BlackTeam "France"]
[WhiteTeamCountry "SVK"]
[BlackTeamCountry "FRA"]

1. e4 c5 2. Nf3 d6 3. d4 Nf6 4. Nc3 cxd4 5. Nxd4 a6 6. Be3 e5 7. Nf3 Be7 8. Bc4
O-O 9. O-O Nc6 10. Bg5 Be6 11. Bb3 Ng4 12. Bxe7 Qxe7 13. Nd5 Bxd5 14. Bxd5 Nf6
15. c3 Rac8 16. Re1 Na5 17. Qd3 Qc7 18. Rad1 Nxd5 19. Qxd5 Rfd8 20. Nd2 Nc4 21.
Nxc4 Qxc4 22. Qxb7 Rb8 23. Rxd6 Qxa2 24. Red1 Qa5 25. b4 1-0

[Event "Mitropa Cup 30th"]
[Site "Merlimont"]
[Date "2011.10.09"]
[Round "2"]
[White "Barbot, Pierre"]
[Black "Delorme, Laurie"]
[Result "1-0"]
[WhiteElo "2225"]
[BlackElo "2223"]
[PlyCount "90"]
[EventDate "2011.10.08"]
[EventType "team-tourn"]
[EventRounds "9"]
[EventCountry "FRA"]
[Source "ChessBase"]
[SourceDate "2011.10.28"]
[WhiteTeam "France III"]
[BlackTeam "France II"]
[WhiteTeamCountry "FRA"]
[BlackTeamCountry "FRA"]

1. e4 e5 2. d4 exd4 3. Nf3 Nc6 4. Nxd4 Nf6 5. Nxc6 bxc6 6. e5 Qe7 7. Qe2 Nd5 8.
c4 Nb6 9. Nc3 Bb7 10. Bf4 g5 11. Bd2 O-O-O 12. h4 Re8 13. hxg5 Qxe5 14. O-O-O
Ba6 15. Qxe5 Rxe5 16. b3 d5 17. Be3 Rxe3 18. fxe3 dxc4 19. Ne4 Ba3+ 20. Kb1 Re8
21. Nf6 Rxe3 22. Rxh7 Bb5 23. Rh3 Bc5 24. bxc4 Nxc4 25. Bxc4 Bxc4 26. Nd7 Rxh3
27. gxh3 Bf2 28. Ne5 Bd5 29. a3 Bg3 30. Nd3 Kd7 31. Nb4 Ke6 32. Nxd5 cxd5 33.
Rd4 Bf2 34. Rf4 Bg3 35. Rf6+ Ke7 36. Ra6 Bf2 37. Kc2 Be3 38. h4 Kf8 39. Kd3 Bf2
40. h5 Bb6 41. a4 c5 42. a5 c4+ 43. Ke2 Bg1 44. Rc6 Bh2 45. h6 Kg8 1-0

[Event "Mitropa Cup 30th"]
[Site "Merlimont"]
[Date "2011.10.09"]
[Round "2"]
[White "Collas, Silvia"]
[Black "Stephan, Victor"]
[Result "0-1"]
[WhiteElo "2321"]
[BlackElo "2302"]
[PlyCount "70"]
[EventDate "2011.10.08"]
[EventType "team-tourn"]
[EventRounds "9"]
[EventCountry "FRA"]
[Source "ChessBase"]
[SourceDate "2011.10.28"]
[WhiteTeam "France II"]
[BlackTeam "France III"]
[WhiteTeamCountry "FRA"]
[BlackTeamCountry "FRA"]

1. d4 Nf6 2. c4 e6 3. Nf3 Bb4+ 4. Bd2 c5 5. Bxb4 cxb4 6. g3 O-O 7. Bg2 d6 8.
O-O Re8 9. Nbd2 Nc6 10. Qc2 e5 11. d5 Nb8 12. e4 a5 13. c5 dxc5 14. Qxc5 Nbd7
15. Qc2 b6 16. Rfc1 Ba6 17. Bf1 Bxf1 18. Nxf1 Nc5 19. N3d2 Rc8 20. f3 Re7 21.
Nc4 b5 22. Nce3 Rec7 23. Qe2 Nb3 24. Rxc7 Nd4 25. Qf2 Qxc7 26. Rd1 a4 27. Rxd4
exd4 28. Nf5 Qc5 29. Qxd4 Qxd4+ 30. Nxd4 Rc4 31. Nxb5 Rc2 32. a3 b3 33. Nc3
Rxb2 34. Nxa4 Rc2 35. Ne3 b2 0-1

[Event "Mitropa Cup 30th"]
[Site "Merlimont"]
[Date "2011.10.09"]
[Round "2"]
[White "Delorme, Alban"]
[Black "Milliet, Sophie"]
[Result "1/2-1/2"]
[WhiteElo "2306"]
[BlackElo "2374"]
[PlyCount "110"]
[EventDate "2011.10.08"]
[EventType "team-tourn"]
[EventRounds "9"]
[EventCountry "FRA"]
[Source "ChessBase"]
[SourceDate "2011.10.28"]
[WhiteTeam "France III"]
[BlackTeam "France II"]
[WhiteTeamCountry "FRA"]
[BlackTeamCountry "FRA"]

1. d4 Nf6 2. Nf3 e6 3. e3 b6 4. Be2 Bb7 5. b3 d5 6. Bb2 Bd6 7. Nbd2 O-O 8. O-O
c5 9. c4 Nc6 10. Rc1 cxd4 11. exd4 dxc4 12. bxc4 Bf4 13. Rb1 Rc8 14. Nb3 Ne7
15. Bd3 Ng6 16. Qe2 Qc7 17. g3 Bh6 18. Nfd2 a5 19. f3 a4 20. Na1 Rfe8 21. Nc2
e5 22. Bxg6 hxg6 23. dxe5 Nd7 24. f4 g5 25. Rbe1 gxf4 26. gxf4 Qc6 27. Ne4 Qxc4
28. Nd4 Qxe2 29. Rxe2 Bxe4 30. Rxe4 Nc5 31. Re3 Ne6 32. Nxe6 fxe6 33. Re4 Rc2
34. Rf2 Rec8 35. Rb4 Rxf2 36. Kxf2 Bxf4 37. Rxf4 Rc2+ 38. Kg3 Rxb2 39. Rxa4 Kf7
40. h4 Kg6 41. Ra7 Rb5 42. Rb7 Rxe5 43. Rxb6 Kf5 44. Rb7 Re3+ 45. Kf2 Ra3 46.
Rxg7 Rxa2+ 47. Kg3 Ra3+ 48. Kg2 e5 49. h5 Ra6 50. Rf7+ Kg4 51. Rg7+ Kxh5 52.
Kf3 Rg6 53. Re7 Rg5 54. Ke4 Kg6 55. Rxe5 Rxe5+ 1/2-1/2

[Event "Mitropa Cup 30th"]
[Site "Merlimont"]
[Date "2011.10.09"]
[Round "2"]
[White "Gozzoli, Yannick"]
[Black "Tripoteau, Nicolas"]
[Result "1-0"]
[WhiteElo "2522"]
[BlackElo "2397"]
[PlyCount "65"]
[EventDate "2011.10.08"]
[EventType "team-tourn"]
[EventRounds "9"]
[EventCountry "FRA"]
[Source "ChessBase"]
[SourceDate "2011.10.28"]
[WhiteTeam "France II"]
[BlackTeam "France III"]
[WhiteTeamCountry "FRA"]
[BlackTeamCountry "FRA"]

1. d4 Nf6 2. c4 c5 3. d5 b5 4. cxb5 a6 5. f3 e6 6. e4 exd5 7. e5 Qe7 8. Qe2 Ng8
9. Nc3 Bb7 10. Nh3 c4 11. Nf4 Qb4 12. a3 Qa5 13. Bd2 Bb4 14. Nfxd5 Bxd5 15.
Nxd5 Bxd2+ 16. Qxd2 axb5 17. O-O-O Ne7 18. g3 Nxd5 19. Qxa5 Rxa5 20. Rxd5 Ke7
21. Bh3 Rc8 22. Rhd1 Rc7 23. f4 Rb7 24. Rc5 Ra6 25. Bg2 Rbb6 26. Rd6 Nc6 27.
Bh3 Rb7 28. Bg2 Rbb6 29. Bxc6 Rxc6 30. Rcxc6 Rxc6 31. Rxc6 dxc6 32. f5 c5 33.
Kc2 1-0

[Event "Mitropa Cup 30th"]
[Site "Merlimont"]
[Date "2011.10.09"]
[Round "2"]
[White "Gallagher, Joseph G"]
[Black "Prusikin, Michael"]
[Result "0-1"]
[WhiteElo "2510"]
[BlackElo "2541"]
[PlyCount "112"]
[EventDate "2011.10.08"]
[EventType "team-tourn"]
[EventRounds "9"]
[EventCountry "FRA"]
[Source "ChessBase"]
[SourceDate "2011.10.28"]
[WhiteTeam "Switzerland"]
[BlackTeam "Germany"]
[WhiteTeamCountry "SUI"]
[BlackTeamCountry "GER"]

1. e4 e6 2. d4 d5 3. Nc3 Nf6 4. e5 Nfd7 5. f4 c5 6. Nf3 Nc6 7. Be3 Be7 8. Qd2
O-O 9. Be2 b6 10. O-O f5 11. exf6 Nxf6 12. Kh1 Bb7 13. Rad1 Rc8 14. Qe1 Kh8 15.
Ng5 Qd7 16. Nf3 Ng4 17. Bc1 Nh6 18. Bb5 Nf5 19. dxc5 bxc5 20. Ne4 Rce8 21. Qf2
Qc7 22. Nxc5 Qb6 23. Nxe6 Qxb5 24. Nc7 Qa5 25. Nxe8 Rxe8 26. Rfe1 Rf8 27. Qd2
Qc7 28. Qd3 d4 29. c3 Nh4 30. cxd4 Nxf3 31. Qxf3 Nxd4 32. Qc3 Nc6 33. Be3 Bb4
34. Qc1 Bxe1 35. Rxe1 Qf7 36. Bc5 Re8 37. b4 Rxe1+ 38. Qxe1 a6 39. a4 h6 40. b5
axb5 41. axb5 Nd8 42. Qd2 Ne6 43. Be3 Qf5 44. b6 Qe4 45. h3 Kh7 46. Qf2 Nf8 47.
Kh2 Ng6 48. f5 Nh4 49. g4 Nf3+ 50. Kg3 Qe7 51. f6 Qe5+ 52. Bf4 Qxf6 53. Qc2+
Kh8 54. Qc7 Be4 55. b7 Qh4+ 56. Kg2 Nd2+ 0-1